Original North American Area Codes - Statistics

General Stats
  • This quiz has been taken 3 times
  • The average score is 37 of 85
Answer Stats
Hint Answer % Correct
New Jersey 201
67%
District of Columbia 202
67%
Connecticut 203
67%
Manitoba 204
67%
Alabama 205
67%
Washington 206
67%
Maine 207
67%
Idaho 208
67%
New York City 212
67%
Southern California 213
67%
Northeastern Texas 214
67%
Southeastern Pennsylvania 215
67%
Northeastern Ohio 216
67%
Central Illinois 217
67%
Minnesota(Excluding southeastern MN) 218
67%
Southeastern Michigan 313
67%
Rhode Island 401
67%
Western Pennsylvania 412
67%
Western Massachusetts 413
67%
Southern Wisconsin 414
67%
Central California 415
67%
Ontario 416
67%
Eastern Quebec 418
67%
Northwest Ohio 419
67%
Arkansas 501
67%
Eastern New York 518
67%
South Dakota 605
67%
South Carolina 803
67%
Northern Illinois 815
67%
Maryland 301
33%
Delaware 302
33%
Colorado 303
33%
West Virginia 304
33%
Florida 305
33%
Saskatchewan 306
33%
Wyoming 307
33%
Northeastern Illinois 312
33%
Eastern Missouri 314
33%
Central upstate New York 315
33%
Southern Kansas 316
33%
Northern Indiana 317
33%
Eastern Iowa 319
33%
Nebraska 402
33%
Alberta 403
33%
Georgia 404
33%
Oklahoma 405
33%
Montana 406
33%
Kentucky 502
33%
Oregon 503
33%
Louisiana 504
33%
New Mexico 505
33%
South central Texas 512
33%
Southwest Ohio 513
33%
Western Quebec 514
33%
Central Iowa 515
33%
North Eastern Michigan 517
33%
Mississippi 601
33%
Arizona 602
33%
New Hampshire 603
33%
British Columbia 604
33%
Southeastern Minnesota 612
33%
Ontario 613
33%
Western Michigan 616
33%
Eastern Massachusetts 617
33%
Southern Illinois 618
33%
North Dakota 701
33%
Nevada 702
33%
Virginia 703
33%
North Carolina 704
33%
Western Iowa 712
33%
South East Texas 713
33%
Northern Wisconsin 715
33%
Western New York 716
33%
Central Eastern Pensylvania 717
33%
Utah 801
33%
Vermont 802
33%
Southern Indiana 812
33%
Northwest Pennsylvania 814
33%
Western Missouri 816
33%
Tennessee 901
33%
Nova Scotia, Prince Edward Island,and New Brunswick 902
33%
Northern Kansas 913
0%
Southern New York 914
0%
Northwest Texas 915
0%
Northern California 916
0%
No matching quizzes found
Score Distribution
Percent of People with Each Score
Percentile by Number Answered
Your Score History
You have not taken this quiz